| 000 | 00824nam a2200217 a 4500 | ||
|---|---|---|---|
| 008 | 951123s1983||||[C 0 slo c | ||
| 020 |
_c17 Kčs. _q(18000 výtl.) |
||
| 040 |
_aSNK _bslo _cSNK _eAACR2 |
||
| 041 | 1 |
_aslo _hrus |
|
| 044 |
_axo _cSK |
||
| 080 | _a947"1909/1910" | ||
| 100 | 1 |
_aLenin, Vladimir Iľjič _4aut |
|
| 245 | 1 | 0 |
_aZobrané spisy. /Zv./ 19 _bJún 1909-október 1910 _cVladimir Iľjič Lenin ; Marta Šefranková, Oto Takáč |
| 250 | _a2., vyd. | ||
| 260 |
_aBratislava _bPravda _c1983 _eBratislava _fPravda |
||
| 300 |
_a743 s., 32,90 AH _c20 cm |
||
| 500 | _aLit. 240. Životopisné údaje. Reg. lit. prác a prameňov a men. Pozn. Faksim. rkp. nenájdených prác V.I. Lenina. 240 zázn. v slov., češ. a ruš. | ||
| 700 | 1 |
_aŠefranková, Marta _4trl |
|
| 700 | 1 |
_aTakáč, Oto _4bkd |
|
| 958 | _aA | ||
| 999 |
_c15440 _d15440 |
||